03071nam a2200337uu 4500001000800000005001700008007001000025008004100035035001200076040001300088041000800101080000900109082000800118100004100126245021200167260004300379300001300422520196700435650003302402650003902435650002402474650001402498650003202512650003202544650003302576650002502609700003802634700004102672502001202713526000802725134519820260508084540.0co|||||||131001e20131001 spa  a1345198 ccomduadb aspa aQ/CD 4a30610aHincapié Urrego, Girlesa4auteaut10aSistema de creencias y conflictos generacionales en la etapa de la adolescencia que se presentan en las familias consultantes de la comisaria de familia de la comuna cinco de Medellín durante el año 2011 aMedellín :b[sin publicador],c2013. a1 CD-ROM3 aYa sea como realidad social, campo de conocimiento de las disciplinas sociales, escenario de intervención institucional especializada y espacio de decisiones y políticas públicas, la familia está presente como ningún otro referente, en la vida social e individual de los seres humanos; por acción o por omisión, se constituye en un punto de confluencia y construcción continua de sus prácticas, discursos, creencias e imaginarios. Por tanto se propone para esta investigación seleccionar aleatoriamente seis (6) familias consultantes en la Comisaria de Familia de la Comuna Cinco de Medellín durante el año 2011 que presentan conflictos generacionales durante el ciclo vital familiar de la adolescencia y que presentaron cambios en su sistema de creencias. Tanto los padres como los hijos y en general los integrantes del grupo familiar con el tiempo van desarrollando, fortaleciendo o desechando sus propias creencias, entrando en contradicción con los demás miembros del grupo familiar, generando tensión, conflictos, demandas legales y es de esta manera que las familias se ven avocadas a consultar en la comisaría de familia. Entre los objetivos de la investigación se caracterizaran las seis familias de acuerdo a su composición familiar y a un genograma, que describa los conflictos generacionales que se presentan en la etapa de la adolescencia y el sistema de creencias de cada familia, para luego evidenciar los cambios y contingencias que han tenido las seis familias con relación a su sistema de creencias. Son las creencias que de alguna u otra manera se conjugan y se fortalecen al interior de las dinámicas familiares y las realidades sociales contemporáneas de estas familias antioqueñas consultantes de la comisaría de familia de la comuna cinco de Medellín durante el año 2011. Dicho análisis será parte fundamental de este proyecto inscrito en la línea de familia versión 05.... 7aFamiliaxAspectos sociales2 7aConflicto entre generaciones2lemb aDinámica familiar aCreencias aTrabajo social con familias 7aRelaciones familiares2lemb 7aFamilias con problemas2lemb 7aPadres e hijos2lemb10aAgudelo Gil, Luz Miriam4thseths10aAguirre Osorio, Luz Edilma4thseths b107c12 a108